[Event "Women's Baku Chess Olympiad"]
[Site "chess24.com"]
[Date "2016.09.04"]
[Round "3"]
[White "Miller, Rachel"]
[Black "Uuriintuya, Uurtsaikh"]
[Result "0-1"]
[Board "2"]
[WhiteID "7401302"]
[WhiteElo "1971"]
[WhiteTitle "CM"]
[WhiteCountry "JAM"]
[WhiteFideId "7401302"]
[WhiteEloChange "-4"]
[BlackID "4900227"]
[BlackElo "2228"]
[BlackTitle "WIM"]
[BlackCountry "MGL"]
[BlackFideId "4900227"]
[BlackEloChange "4"]

1. e4 {[%clk 1:30:47]} c5 {[%clk 1:30:51]} 2. Nc3 {[%clk 1:30:52]} Nc6 {[%clk
1:31:19]} 3. f4 {[%clk 1:30:49]} g6 {[%clk 1:31:19]} 4. Nf3 {[%clk 1:30:58]} Bg7
{[%clk 1:31:31]} 5. Bb5 {[%clk 1:31:05]} Nd4 {[%clk 1:31:46]} 6. O-O {[%clk
1:30:59]} a6 {[%clk 1:29:27]} 7. Bd3 {[%clk 1:31:07]} d6 {[%clk 1:28:40]} 8. Nxd4
{[%clk 1:31:04]} Bxd4+ {[%clk 1:22:59]} 9. Kh1 {[%clk 1:30:46]} Bg7 {[%clk
1:22:06]} 10. Qf3 {[%clk 1:26:56]} Nf6 {[%clk 1:15:33]} 11. e5 {[%clk 1:24:50]}
Ng4 {[%clk 1:13:32]} 12. e6 {[%clk 1:00:46]} Bxe6 {[%clk 1:13:26]} 13. Qxb7
{[%clk 1:01:09]} O-O {[%clk 1:02:16]} 14. Qf3 {[%clk 0:32:32]} d5 {[%clk
0:49:23]} 15. b3 {[%clk 0:22:26]} Nh6 {[%clk 0:35:39]} 16. a4 {[%clk 0:14:14]} c4
{[%clk 0:23:43]} 17. bxc4 {[%clk 0:14:23]} dxc4 {[%clk 0:24:03]} 18. Be4 {[%clk
0:14:17]} Ra7 {[%clk 0:23:39]} 19. Rb1 {[%clk 0:13:32]} Nf5 {[%clk 0:21:08]} 20.
Ne2 {[%clk 0:09:12]} h5 {[%clk 0:15:52]} 21. Ba3 {[%clk 0:05:49]} Qxd2 {[%clk
0:11:30]} 22. Bc5 {[%clk 0:06:15]} Rd7 {[%clk 0:10:53]} 23. Bb4 {[%clk 0:01:57]}
Qe3 {[%clk 0:11:17]} 24. Bxf5 {[%clk 0:00:40]} Qxf3 {[%clk 0:11:42]} 25. Rxf3
{[%clk 0:01:00]} Bxf5 {[%clk 0:12:06]} 26. Rc1 {[%clk 0:00:49]} Bxc2 {[%clk
0:10:38]} 27. Ng3 {[%clk 0:01:03]} Bxa4 {[%clk 0:09:15]} 28. Re3 {[%clk 0:01:03]}
Rb8 {[%clk 0:08:18]} 29. Bxe7 {[%clk 0:00:59]} c3 {[%clk 0:08:30]} 30. Bc5 {[%clk
0:00:52]} c2 {[%clk 0:08:18]} 31. Ree1 {[%clk 0:01:15]} Bb2 {[%clk 0:08:30]} 32.
Ne4 {[%clk 0:01:06]} Rd1 {[%clk 0:08:41]} 33. Rcxd1 {[%clk 0:00:37]} cxd1Q {[%clk
0:08:57]} 34. Rxd1 {[%clk 0:01:06]} Bxd1 {[%clk 0:09:17]} 35. h3 {[%clk 0:01:32]}
a5 {[%clk 0:09:27]} 36. Kh2 {[%clk 0:01:32]} a4 {[%clk 0:09:49]} 37. Bd6 {[%clk
0:01:29]} a3 {[%clk 0:10:02]} 38. Bxb8 {[%clk 0:01:51]} a2 {[%clk 0:10:25]} 39.
Be5 {[%clk 0:01:50]} a1Q {[%clk 0:10:42]} 40. Nf6+ {[%clk 0:32:12]} Kh8 {[%clk
0:40:57]} 41. Ng4+ {[%clk 0:32:13]} Bxe5 {[%clk 0:41:19]} 42. Nxe5 {[%clk
0:32:40]} Qd4 {[%clk 0:41:31]} 43. Nxf7+ {[%clk 0:32:41]} Kg7 {[%clk 0:41:50]}
44. Ng5 {[%clk 0:32:51]} Qxf4+ {[%clk 0:42:17]} 45. Kg1 {[%clk 0:33:11]} Qxg5
{[%clk 0:42:43]} 46. h4 {[%clk 0:33:37]} Qg3 {[%clk 0:43:00]} 47. Kf1 {[%clk
0:33:46]} Bg4 {[%clk 0:43:26]} 48. Kg1 {[%clk 0:34:08]} Bf3 {[%clk 0:43:49]} 49.
Kf1 {[%clk 0:34:32]} Qxg2+ {[%clk 0:44:12]} 50. Ke1 {[%clk 0:34:58]} Qe2# {[%clk
0:44:35]} 0-1

[Event "Women's Baku Chess Olympiad"]
[Site "chess24.com"]
[Date "2016.09.04"]
[Round "3"]
[White "Ramirez, Maria Eugenia"]
[Black "Hernandez, Bera"]
[Result "1-0"]
[Board "1"]
[WhiteID "3301680"]
[WhiteElo "2104"]
[WhiteTitle "WFM"]
[WhiteCountry "BOL"]
[WhiteFideId "3301680"]
[WhiteEloChange "3"]
[BlackID "6700080"]
[BlackElo "1808"]
[BlackCountry "ESA"]
[BlackFideId "6700080"]
[BlackEloChange "-3"]

1. e4 {[%clk 1:30:58]} e5 {[%clk 1:30:55]} 2. Nf3 {[%clk 1:31:23]} Nc6 {[%clk
1:31:18]} 3. Nc3 {[%clk 1:31:46]} Nf6 {[%clk 1:31:10]} 4. Bb5 {[%clk 1:32:06]}
Nd4 {[%clk 1:26:38]} 5. Ba4 {[%clk 1:31:16]} Nxf3+ {[%clk 1:25:57]} 6. Qxf3
{[%clk 1:31:22]} c6 {[%clk 1:24:55]} 7. O-O {[%clk 1:26:21]} Qc7 {[%clk 1:13:37]}
8. Bb3 {[%clk 1:21:13]} d6 {[%clk 1:08:38]} 9. h3 {[%clk 1:21:10]} Be7 {[%clk
1:07:45]} 10. Ne2 {[%clk 1:20:20]} Be6 {[%clk 1:04:40]} 11. d4 {[%clk 1:19:36]}
d5 {[%clk 1:00:48]} 12. exd5 {[%clk 1:16:16]} e4 {[%clk 0:54:31]} 13. Qf4 {[%clk
1:10:13]} Bd6 {[%clk 0:48:44]} 14. Qg5 {[%clk 1:06:17]} Nxd5 {[%clk 0:47:04]} 15.
c4 {[%clk 1:05:50]} f6 {[%clk 0:47:01]} 16. Qh4 {[%clk 1:04:01]} Ne7 {[%clk
0:39:16]} 17. Qxe4 {[%clk 1:02:52]} Bf5 {[%clk 0:38:50]} 18. Qf3 {[%clk 0:58:52]}
Qd7 {[%clk 0:33:41]} 19. Nc3 {[%clk 0:55:25]} O-O-O {[%clk 0:28:38]} 20. d5
{[%clk 0:53:08]} g5 {[%clk 0:26:09]} 21. g4 {[%clk 0:42:18]} Bg6 {[%clk 0:25:32]}
22. Qxf6 {[%clk 0:33:51]} Qc7 {[%clk 0:22:58]} 23. Bxg5 {[%clk 0:28:33]} Rdf8
{[%clk 0:21:33]} 24. Qe6+ {[%clk 0:28:40]} Kb8 {[%clk 0:21:58]} 25. Rae1 {[%clk
0:25:21]} Nc8 {[%clk 0:16:15]} 26. Bf6 {[%clk 0:19:52]} Rxf6 {[%clk 0:10:17]} 27.
Qxf6 {[%clk 0:19:57]} Rf8 {[%clk 0:10:42]} 28. Qd4 {[%clk 0:18:12]} b6 {[%clk
0:07:55]} 29. Ne4 {[%clk 0:16:02]} Be5 {[%clk 0:05:07]} 30. d6 {[%clk 0:14:51]}
Qg7 {[%clk 0:04:41]} 31. Qd2 {[%clk 0:14:35]} Bf4 {[%clk 0:04:46]} 32. Qc3 {[%clk
0:12:34]} Be5 {[%clk 0:04:55]} 33. Qc1 {[%clk 0:10:52]} Bf4 {[%clk 0:05:11]} 34.
Qd1 {[%clk 0:11:02]} Qh6 {[%clk 0:05:13]} 35. Kg2 {[%clk 0:11:13]} Be5 {[%clk
0:03:43]} 36. d7 {[%clk 0:08:39]} Nd6 {[%clk 0:03:36]} 37. Nxd6 {[%clk 0:07:17]}
Qf4 {[%clk 0:03:57]} 38. Rxe5 {[%clk 0:07:40]} Qxe5 {[%clk 0:04:10]} 39. Nf5
{[%clk 0:06:22]} Bxf5 {[%clk 0:03:27]} 40. d8Q+ {[%clk 0:36:41]} 1-0

[Event "Women's Baku Chess Olympiad"]
[Site "chess24.com"]
[Date "2016.09.04"]
[Round "3"]
[White "Sivarajasingam, Venetia"]
[Black "Razan, Alshaeby"]
[Result "0-1"]
[Board "4"]
[WhiteID "1802895"]
[WhiteElo "1631"]
[WhiteCountry "WLS"]
[WhiteFideId "1802895"]
[WhiteEloChange "-4"]
[BlackID "8102953"]
[BlackElo "1896"]
[BlackCountry "JOR"]
[BlackFideId "8102953"]
[BlackEloChange "4"]

1. e4 {[%clk 1:30:56]} g6 {[%clk 1:30:47]} 2. Nf3 {[%clk 1:31:20]} Bg7 {[%clk
1:31:09]} 3. d4 {[%clk 1:31:32]} Nf6 {[%clk 1:30:28]} 4. Nc3 {[%clk 1:30:52]} d6
{[%clk 1:30:46]} 5. Be2 {[%clk 1:27:58]} Nbd7 {[%clk 1:30:52]} 6. h3 {[%clk
1:26:51]} O-O {[%clk 1:30:50]} 7. Be3 {[%clk 1:27:01]} b6 {[%clk 1:30:31]} 8. g4
{[%clk 1:24:42]} Bb7 {[%clk 1:30:09]} 9. Bd3 {[%clk 1:24:32]} e5 {[%clk 1:26:19]}
10. d5 {[%clk 1:23:52]} Nc5 {[%clk 1:23:14]} 11. Qd2 {[%clk 1:22:23]} c6 {[%clk
1:13:54]} 12. dxc6 {[%clk 1:07:21]} Bxc6 {[%clk 1:14:05]} 13. Bg5 {[%clk
1:06:19]} Qd7 {[%clk 1:06:20]} 14. Bxf6 {[%clk 1:04:21]} Bxf6 {[%clk 1:06:44]}
15. Nh2 {[%clk 1:02:46]} Qb7 {[%clk 1:03:40]} 16. f3 {[%clk 0:57:53]} Bh4+ {[%clk
1:03:00]} 17. Ke2 {[%clk 0:57:23]} Ne6 {[%clk 1:02:06]} 18. Raf1 {[%clk 0:49:05]}
Bg5 {[%clk 0:58:46]} 19. Qe1 {[%clk 0:48:57]} Nf4+ {[%clk 0:58:46]} 20. Kd1
{[%clk 0:47:52]} Nxh3 {[%clk 0:57:06]} 21. Qg3 {[%clk 0:44:09]} Nf4 {[%clk
0:57:25]} 22. Rf2 {[%clk 0:41:53]} b5 {[%clk 0:53:45]} 23. Nf1 {[%clk 0:37:17]}
b4 {[%clk 0:53:57]} 24. Ne2 {[%clk 0:36:34]} Nxd3 {[%clk 0:53:05]} 25. cxd3
{[%clk 0:36:43]} Qa6 {[%clk 0:51:48]} 26. f4 {[%clk 0:27:16]} exf4 {[%clk
0:51:46]} 27. Qh3 {[%clk 0:26:02]} h6 {[%clk 0:49:44]} 28. Ng1 {[%clk 0:22:05]}
Qxa2 {[%clk 0:43:57]} 29. Nf3 {[%clk 0:21:25]} Ba4+ {[%clk 0:40:54]} 30. Ke2
{[%clk 0:20:13]} Qxb2+ {[%clk 0:40:07]} 31. N1d2 {[%clk 0:20:32]} Kg7 {[%clk
0:35:52]} 32. Nxg5 {[%clk 0:19:12]} hxg5 {[%clk 0:35:55]} 33. Qh6+ {[%clk
0:12:21]} Kf6 {[%clk 0:36:11]} 34. Rh5 {[%clk 0:10:16]} Ke7 {[%clk 0:33:26]} 35.
Qxg5+ {[%clk 0:10:10]} Qf6 {[%clk 0:32:11]} 36. Rxf4 {[%clk 0:09:06]} Qxg5 {[%clk
0:32:24]} 37. Rxg5 {[%clk 0:09:32]} a5 {[%clk 0:29:53]} 38. Nc4 {[%clk 0:07:07]}
Bc2 {[%clk 0:27:11]} 39. Nxa5 {[%clk 0:01:58]} b3 {[%clk 0:25:44]} 40. Rb5 {[%clk
0:31:36]} Rxa5 {[%clk 0:55:56]} 41. Rxa5 {[%clk 0:31:53]} b2 {[%clk 0:56:19]} 42.
Rb5 {[%clk 0:32:16]} b1Q {[%clk 0:56:36]} 43. Rxb1 {[%clk 0:32:34]} Bxb1 {[%clk
0:57:00]} 44. Rf1 {[%clk 0:32:36]} Rb8 {[%clk 0:56:53]} 0-1

[Event "Women's Baku Chess Olympiad"]
[Site "chess24.com"]
[Date "2016.09.04"]
[Round "3"]
[White "Steil-Antoni, Fiona"]
[Black "Sihite, Chelsie Monica Ignesias"]
[Result "1/2-1/2"]
[Board "1"]
[WhiteID "4001249"]
[WhiteElo "2159"]
[WhiteTitle "WIM"]
[WhiteCountry "LUX"]
[WhiteFideId "4001249"]
[WhiteEloChange "1"]
[BlackID "7101198"]
[BlackElo "2199"]
[BlackTitle "WIM"]
[BlackCountry "INA"]
[BlackFideId "7101198"]
[BlackEloChange "-1"]

1. e4 {[%clk 1:30:57]} e5 {[%clk 1:30:44]} 2. Bc4 {[%clk 1:31:10]} Nf6 {[%clk
1:28:50]} 3. d3 {[%clk 1:31:34]} c6 {[%clk 1:29:11]} 4. Nf3 {[%clk 1:29:32]} Be7
{[%clk 1:27:32]} 5. Nc3 {[%clk 1:27:40]} d6 {[%clk 1:27:17]} 6. O-O {[%clk
1:21:39]} O-O {[%clk 1:26:11]} 7. Bb3 {[%clk 1:20:11]} a5 {[%clk 1:21:06]} 8. a3
{[%clk 1:17:45]} Qc7 {[%clk 1:17:28]} 9. h3 {[%clk 1:11:32]} b5 {[%clk 1:16:27]}
10. Nh2 {[%clk 1:04:30]} Na6 {[%clk 1:14:09]} 11. f4 {[%clk 1:03:16]} b4 {[%clk
1:08:56]} 12. axb4 {[%clk 0:58:36]} axb4 {[%clk 1:09:20]} 13. Ne2 {[%clk
0:58:02]} Bb7 {[%clk 1:08:24]} 14. g4 {[%clk 0:52:13]} Nc5 {[%clk 1:07:42]} 15.
Rxa8 {[%clk 0:51:47]} Rxa8 {[%clk 1:06:40]} 16. g5 {[%clk 0:46:56]} Nfd7 {[%clk
1:01:06]} 17. f5 {[%clk 0:43:41]} Nxb3 {[%clk 1:00:55]} 18. cxb3 {[%clk 0:43:20]}
Qb6+ {[%clk 0:56:38]} 19. Kh1 {[%clk 0:42:37]} f6 {[%clk 0:46:21]} 20. g6 {[%clk
0:37:14]} h6 {[%clk 0:39:27]} 21. Qe1 {[%clk 0:35:42]} Ra1 {[%clk 0:39:13]} 22.
Qh4 {[%clk 0:30:36]} Bf8 {[%clk 0:38:47]} 23. Ng4 {[%clk 0:28:14]} Rxc1 {[%clk
0:26:28]} 24. Rxc1 {[%clk 0:27:40]} Ba6 {[%clk 0:26:27]} 25. Rg1 {[%clk 0:19:21]}
Bxd3 {[%clk 0:21:24]} 26. Nxh6+ {[%clk 0:14:49]} gxh6 {[%clk 0:21:51]} 27. g7
{[%clk 0:14:40]} Qe3 {[%clk 0:17:55]} 28. gxf8Q+ {[%clk 0:11:58]} Kxf8 {[%clk
0:18:24]} 29. Ng3 {[%clk 0:06:35]} Ke7 {[%clk 0:18:45]} 30. Kh2 {[%clk 0:06:19]}
Qd2+ {[%clk 0:16:33]} 31. Rg2 {[%clk 0:06:16]} Qg5 {[%clk 0:16:59]} 32. Qh5
{[%clk 0:02:57]} Nc5 {[%clk 0:16:00]} 33. Qd1 {[%clk 0:01:53]} Qf4 {[%clk
0:14:20]} 34. Kg1 {[%clk 0:00:39]} d5 {[%clk 0:13:20]} 35. exd5 {[%clk 0:00:45]}
cxd5 {[%clk 0:13:37]} 36. Qa1 {[%clk 0:00:55]} Qe3+ {[%clk 0:11:26]} 37. Kh2
{[%clk 0:01:23]} Nd7 {[%clk 0:08:39]} 38. Qa8 {[%clk 0:01:24]} Qf3 {[%clk
0:06:47]} 39. Qg8 {[%clk 0:01:13]} Kd6 {[%clk 0:05:42]} 40. Qe6+ {[%clk 0:31:03]}
Kc7 {[%clk 0:36:04]} 41. Qe7 {[%clk 0:25:36]} Qf4 {[%clk 0:33:59]} 42. Kg1 {[%clk
0:21:37]} h5 {[%clk 0:23:29]} 43. Nxh5 {[%clk 0:18:06]} Qf1+ {[%clk 0:23:41]} 44.
Kh2 {[%clk 0:17:51]} Be4 {[%clk 0:24:04]} 45. Qg7 {[%clk 0:14:10]} Bxg2 {[%clk
0:23:16]} 46. Qxg2 {[%clk 0:14:35]} Qxf5 {[%clk 0:23:21]} 47. Ng3 {[%clk
0:13:41]} Qd3 {[%clk 0:22:39]} 48. Qf2 {[%clk 0:12:42]} Kd6 {[%clk 0:19:24]} 49.
h4 {[%clk 0:10:43]} Ke6 {[%clk 0:19:34]} 50. h5 {[%clk 0:09:40]} f5 {[%clk
0:18:29]} 51. Qg2 {[%clk 0:09:20]} Nf6 {[%clk 0:18:01]} 52. Qg1 {[%clk 0:06:19]}
Qd2+ {[%clk 0:10:41]} 53. Kh3 {[%clk 0:06:04]} d4 {[%clk 0:10:29]} 54. Qa1 {[%clk
0:05:02]} Qg5 {[%clk 0:09:20]} 55. Qa6+ {[%clk 0:05:03]} Kf7 {[%clk 0:09:28]} 56.
Qb7+ {[%clk 0:04:55]} Kg8 {[%clk 0:06:20]} 57. Qb8+ {[%clk 0:04:13]} Kh7 {[%clk
0:06:01]} 58. Qxe5 {[%clk 0:04:40]} Qg4+ {[%clk 0:06:13]} 59. Kg2 {[%clk
0:04:02]} f4 {[%clk 0:06:08]} 60. Qe7+ {[%clk 0:03:26]} Kg8 {[%clk 0:06:37]} 61.
Qxf6 {[%clk 0:02:58]} Qxg3+ {[%clk 0:07:02]} 62. Kf1 {[%clk 0:03:06]} d3 {[%clk
0:06:06]} 63. Qe6+ {[%clk 0:01:33]} Kf8 {[%clk 0:05:46]} 64. Qf6+ {[%clk
0:01:35]} Kg8 {[%clk 0:06:08]} 65. Qe6+ {[%clk 0:01:31]} Kg7 {[%clk 0:06:28]} 66.
Qe7+ {[%clk 0:01:20]} Kh6 {[%clk 0:06:29]} 67. Qf6+ {[%clk 0:01:29]} Kh7 {[%clk
0:06:19]} 68. Qh6+ {[%clk 0:01:26]} Kg8 {[%clk 0:06:40]} 69. Qe6+ {[%clk
0:01:39]} Kh7 {[%clk 0:07:06]} 70. Qh6+ {[%clk 0:01:39]} 1/2-1/2

[Event "Women's Baku Chess Olympiad"]
[Site "chess24.com"]
[Date "2016.09.04"]
[Round "3"]
[White "Kremer, Nadine"]
[Black "Putri, Regita Desyari"]
[Result "0-1"]
[Board "3"]
[WhiteID "4002970"]
[WhiteElo "1844"]
[WhiteCountry "LUX"]
[WhiteFideId "4002970"]
[WhiteEloChange "-16"]
[BlackID "7109083"]
[BlackElo "1623"]
[BlackCountry "INA"]
[BlackFideId "7109083"]
[BlackEloChange "16"]

1. e4 {[%clk 1:30:57]} e5 {[%clk 1:30:41]} 2. Nc3 {[%clk 1:31:18]} Nf6 {[%clk
1:30:39]} 3. f4 {[%clk 1:31:21]} d5 {[%clk 1:29:06]} 4. fxe5 {[%clk 1:31:26]}
Nxe4 {[%clk 1:29:17]} 5. Qf3 {[%clk 1:31:10]} Nxc3 {[%clk 1:21:49]} 6. bxc3
{[%clk 1:30:37]} Be7 {[%clk 1:21:28]} 7. d4 {[%clk 1:29:48]} O-O {[%clk 1:19:19]}
8. Bd3 {[%clk 1:28:41]} Be6 {[%clk 1:15:13]} 9. Ne2 {[%clk 1:27:32]} c5 {[%clk
1:13:01]} 10. O-O {[%clk 1:16:01]} Nc6 {[%clk 1:10:45]} 11. Be3 {[%clk 1:05:33]}
cxd4 {[%clk 1:03:24]} 12. cxd4 {[%clk 1:03:49]} Nb4 {[%clk 1:02:26]} 13. Bf5
{[%clk 0:53:55]} Bxf5 {[%clk 0:53:21]} 14. Qxf5 {[%clk 0:54:14]} Qc8 {[%clk
0:53:02]} 15. c3 {[%clk 0:53:26]} Qxf5 {[%clk 0:53:21]} 16. Rxf5 {[%clk 0:53:54]}
Nc2 {[%clk 0:53:43]} 17. Rb1 {[%clk 0:52:32]} Nxe3 {[%clk 0:53:52]} 18. Rf3
{[%clk 0:52:29]} Nc4 {[%clk 0:52:53]} 19. Rxb7 {[%clk 0:46:39]} Bg5 {[%clk
0:50:56]} 20. h3 {[%clk 0:29:19]} a5 {[%clk 0:48:09]} 21. Nf4 {[%clk 0:25:00]}
Bxf4 {[%clk 0:45:57]} 22. Rxf4 {[%clk 0:25:20]} a4 {[%clk 0:45:37]} 23. Rd7
{[%clk 0:22:52]} Rad8 {[%clk 0:44:54]} 24. Ra7 {[%clk 0:22:37]} a3 {[%clk
0:45:05]} 25. Rg4 {[%clk 0:18:20]} Ra8 {[%clk 0:41:56]} 26. Rd7 {[%clk 0:18:22]}
Rfd8 {[%clk 0:41:23]} 27. Rc7 {[%clk 0:18:28]} Rac8 {[%clk 0:38:42]} 28. Ra7
{[%clk 0:18:44]} Rc6 {[%clk 0:34:25]} 29. Rf4 {[%clk 0:17:26]} Rf8 {[%clk
0:34:36]} 30. Rd7 {[%clk 0:17:18]} Rg6 {[%clk 0:32:24]} 31. Rxd5 {[%clk 0:10:19]}
Ne3 {[%clk 0:32:39]} 32. Rb5 {[%clk 0:09:39]} Rxg2+ {[%clk 0:32:42]} 33. Kh1
{[%clk 0:10:05]} Rxa2 {[%clk 0:32:59]} 34. Rf3 {[%clk 0:09:52]} Rb2 {[%clk
0:31:49]} 35. Ra5 {[%clk 0:10:05]} a2 {[%clk 0:30:17]} 36. Rg3 {[%clk 0:10:22]}
Rfb8 {[%clk 0:29:16]} 37. Rg1 {[%clk 0:09:15]} Nc2 {[%clk 0:29:34]} 38. d5 {[%clk
0:07:44]} a1Q {[%clk 0:29:38]} 39. Rgxa1 {[%clk 0:07:27]} Nxa1 {[%clk 0:30:02]}
40. d6 {[%clk 0:35:47]} Nb3 {[%clk 0:59:40]} 41. Ra7 {[%clk 0:35:59]} Nc5 {[%clk
0:59:50]} 42. Rc7 {[%clk 0:36:11]} Rc2 {[%clk 1:00:09]} 0-1

[Event "Women's Baku Chess Olympiad"]
[Site "chess24.com"]
[Date "2016.09.04"]
[Round "3"]
[White "Miladi, Amen"]
[Black "Tsuses Patience"]
[Result "1-0"]
[Board "4"]
[WhiteID "5503779"]
[WhiteElo "1491"]
[WhiteTitle "WCM"]
[WhiteCountry "TUN"]
[WhiteFideId "5503779"]
[WhiteEloChange "2"]
[BlackID "15200876"]
[BlackElo "1025"]
[BlackCountry "NAM"]
[BlackFideId "15200876"]
[BlackEloChange "-2"]

1. e4 {[%clk 1:30:51]} e6 {[%clk 1:30:53]} 2. d4 {[%clk 1:31:14]} d5 {[%clk
1:31:17]} 3. Nc3 {[%clk 1:31:37]} Bb4 {[%clk 1:24:52]} 4. exd5 {[%clk 1:31:43]}
exd5 {[%clk 1:25:10]} 5. Bd3 {[%clk 1:32:00]} Nf6 {[%clk 1:23:03]} 6. a3 {[%clk
1:30:12]} Ba5 {[%clk 1:20:22]} 7. Ne2 {[%clk 1:29:37]} O-O {[%clk 1:17:16]} 8.
Bg5 {[%clk 1:26:21]} h6 {[%clk 1:13:45]} 9. Bxf6 {[%clk 1:25:56]} Qxf6 {[%clk
1:09:42]} 10. b4 {[%clk 1:26:14]} Bb6 {[%clk 1:09:38]} 11. Nxd5 {[%clk 1:26:36]}
Qe6 {[%clk 1:01:13]} 12. Nxb6 {[%clk 1:25:17]} Qxb6 {[%clk 0:58:31]} 13. O-O
{[%clk 1:24:57]} Bg4 {[%clk 0:51:29]} 14. Re1 {[%clk 1:18:03]} Nc6 {[%clk
0:46:45]} 15. f3 {[%clk 1:14:52]} Bh5 {[%clk 0:41:22]} 16. Kh1 {[%clk 1:14:55]}
Nxd4 {[%clk 0:39:22]} 17. Nxd4 {[%clk 1:15:11]} Qxd4 {[%clk 0:39:29]} 18. Bh7+
{[%clk 1:15:35]} Kxh7 {[%clk 0:34:44]} 19. Qxd4 {[%clk 1:16:01]} 1-0

[Event "Women's Baku Chess Olympiad"]
[Site "chess24.com"]
[Date "2016.09.04"]
[Round "3"]
[White "Farha, Doha"]
[Black "Mora Oviedo, Andrea Melissa"]
[Result "1-0"]
[Board "1"]
[WhiteID "7602049"]
[WhiteElo "1851"]
[WhiteCountry "SYR"]
[WhiteFideId "7602049"]
[WhiteEloChange "8"]
[BlackID "8400148"]
[BlackElo "1783"]
[BlackTitle "WCM"]
[BlackCountry "HON"]
[BlackFideId "8400148"]
[BlackEloChange "-8"]

1. d4 {[%clk 1:30:53]} d5 {[%clk 1:30:40]} 2. Nf3 {[%clk 1:31:17]} c5 {[%clk
1:29:46]} 3. e3 {[%clk 1:29:25]} Nf6 {[%clk 1:26:51]} 4. c4 {[%clk 1:24:54]} e6
{[%clk 1:23:21]} 5. Nc3 {[%clk 1:24:25]} Bd7 {[%clk 1:17:48]} 6. cxd5 {[%clk
1:20:55]} exd5 {[%clk 1:16:47]} 7. dxc5 {[%clk 1:17:52]} Qa5 {[%clk 1:14:19]} 8.
Bd2 {[%clk 1:05:21]} Qxc5 {[%clk 1:03:23]} 9. Rc1 {[%clk 1:01:40]} Qb6 {[%clk
0:57:23]} 10. Ne5 {[%clk 0:50:35]} Be6 {[%clk 0:52:21]} 11. Nb5 {[%clk 0:44:09]}
Nc6 {[%clk 0:51:29]} 12. Nxc6 {[%clk 0:38:15]} bxc6 {[%clk 0:51:18]} 13. Nd4
{[%clk 0:36:19]} Bd7 {[%clk 0:45:00]} 14. Qc2 {[%clk 0:32:37]} c5 {[%clk
0:40:49]} 15. Nf3 {[%clk 0:27:35]} Ne4 {[%clk 0:33:11]} 16. Be2 {[%clk 0:21:29]}
Be7 {[%clk 0:31:37]} 17. O-O {[%clk 0:20:40]} O-O {[%clk 0:29:24]} 18. Rfd1
{[%clk 0:19:57]} Bf5 {[%clk 0:22:14]} 19. Bc3 {[%clk 0:12:03]} Nxc3 {[%clk
0:21:43]} 20. Qxc3 {[%clk 0:12:11]} Be4 {[%clk 0:13:36]} 21. b3 {[%clk 0:08:13]}
Rac8 {[%clk 0:12:56]} 22. Bd3 {[%clk 0:07:04]} Bf6 {[%clk 0:10:21]} 23. Qc2
{[%clk 0:07:11]} Rfe8 {[%clk 0:09:56]} 24. Bxe4 {[%clk 0:06:29]} dxe4 {[%clk
0:09:39]} 25. Nd2 {[%clk 0:06:49]} Qc6 {[%clk 0:09:02]} 26. Nc4 {[%clk 0:07:10]}
Red8 {[%clk 0:08:27]} 27. Rxd8+ {[%clk 0:06:36]} Rxd8 {[%clk 0:08:42]} 28. Rd1
{[%clk 0:06:52]} Qc7 {[%clk 0:07:53]} 29. Rxd8+ {[%clk 0:05:57]} Qxd8 {[%clk
0:07:56]} 30. Qd2 {[%clk 0:06:19]} Be7 {[%clk 0:07:27]} 31. Qxd8+ {[%clk
0:06:24]} Bxd8 {[%clk 0:07:46]} 32. Nd6 {[%clk 0:06:47]} Kf8 {[%clk 0:04:13]} 33.
Nxe4 {[%clk 0:07:13]} Bb6 {[%clk 0:04:09]} 34. Kf1 {[%clk 0:07:38]} f6 {[%clk
0:04:06]} 35. Ke2 {[%clk 0:07:52]} Ke7 {[%clk 0:03:46]} 36. Kd3 {[%clk 0:07:52]}
Kd7 {[%clk 0:03:22]} 37. Kc4 {[%clk 0:08:32]} Kc6 {[%clk 0:03:35]} 38. g4 {[%clk
0:08:22]} Bc7 {[%clk 0:02:06]} 39. h4 {[%clk 0:08:27]} h5 {[%clk 0:01:23]} 40.
gxh5 {[%clk 0:38:11]} f5 {[%clk 0:31:25]} 41. Nxc5 {[%clk 0:38:10]} f4 {[%clk
0:30:29]} 42. Ne6 {[%clk 0:38:09]} fxe3 {[%clk 0:29:53]} 43. fxe3 {[%clk
0:38:34]} Be5 {[%clk 0:27:41]} 44. Nd4+ {[%clk 0:38:00]} Kd7 {[%clk 0:25:07]} 45.
Kd5 {[%clk 0:38:15]} Bf6 {[%clk 0:23:43]} 46. Nf5 {[%clk 0:38:28]} a5 {[%clk
0:21:56]} 47. e4 {[%clk 0:38:50]} Kc7 {[%clk 0:21:35]} 48. e5 {[%clk 0:39:10]}
Bd8 {[%clk 0:20:46]} 49. e6 {[%clk 0:39:21]} Bf6 {[%clk 0:19:55]} 50. a3 {[%clk
0:37:35]} Bb2 {[%clk 0:19:44]} 51. b4 {[%clk 0:37:46]} a4 {[%clk 0:19:23]} 52.
Nd4 {[%clk 0:37:07]} Kd8 {[%clk 0:19:03]} 53. Nc2 {[%clk 0:35:40]} Ke7 {[%clk
0:18:35]} 54. b5 {[%clk 0:36:03]} Bc1 {[%clk 0:17:54]} 55. b6 {[%clk 0:36:29]}
Bf4 {[%clk 0:15:21]} 56. b7 {[%clk 0:36:50]} Kf6 {[%clk 0:11:56]} 57. Nb4 {[%clk
0:37:07]} Bg3 {[%clk 0:08:27]} 58. Nc6 {[%clk 0:37:29]} g6 {[%clk 0:08:32]} 59.
hxg6 {[%clk 0:37:35]} Kxg6 {[%clk 0:08:32]} 60. b8Q {[%clk 0:37:56]} Bxb8 {[%clk
0:08:26]} 61. Nxb8 {[%clk 0:38:21]} Kg7 {[%clk 0:08:46]} 62. e7 {[%clk 0:38:44]}
Kf7 {[%clk 0:09:08]} 63. Kd6 {[%clk 0:38:59]} Ke8 {[%clk 0:09:35]} 64. h5 {[%clk
0:39:14]} Kf7 {[%clk 0:09:58]} 65. Kd7 {[%clk 0:39:35]} Kg7 {[%clk 0:10:15]} 66.
e8Q {[%clk 0:39:53]} Kh7 {[%clk 0:10:24]} 67. Qg6+ {[%clk 0:40:16]} Kh8 {[%clk
0:10:50]} 68. Qf6+ {[%clk 0:40:13]} Kh7 {[%clk 0:11:13]} 69. h6 {[%clk 0:40:36]}
1-0